01420 a2200265 4500003000500000005001700005010001700022020002800039020001800067020003100085035002000116035002300136040000900159082001700168100002300185245012500208250001200333260005200345300002900397505047800426650003500904650004100939856009100980856008301071Nust20220728150919.0 a 2006018608 a0849374251 (alk. paper) a9780849374258 a9780849374258 (alk. paper) a(OCoLC)70054280 a(OCoLC)ocm70054280 cNust00a510.2462,MAN1 aManassah, Jamal T.10aElementary mathematical and computational tools for electrical and computer engineers using MATLAB /cJamal T. Manassah. a2nd ed. aBoca Raton, FL :bCRC/Taylor & Francis,cc2007. a457 p. :bill. ;c25 cm. a.Introduction to MATLABĀ® and Its Graphics Capabilities (Page-1), Difference Equations (Page-59), Elementary Functions and Some of Their Uses (Page-89), Numerical Differentiation, Integration, and Solutions of Ordinary Differential (Page-115), Numerical Differentiation, Integration, and Solutions of Ordinary Differential (Page-159), Complex Numbers (Page-191), Vector (Page-235), Matrices (Page-273), Transformations (Page-343),The taste of probability theory (Page-365). 0aComputer sciencexMathematics. 0aElectrical engineeringxMathematics.413Publisher descriptionuhttp://www.loc.gov/catdir/enhancements/fy0661/2006018608-d.html413Table of contents onlyuhttp://www.loc.gov/catdir/toc/ecip0615/2006018608.html